Statistiques concernant Membres Supérieurs : Muscles

Cliquez ici pour prendre le quiz!

Statistiques générales

  • Ce quiz a été pris 482 fois
  • Le résultat moyen est 10 sur 46

Statistiques - réponses

Réponse% Correct
Deltoïde
94%
Grand Pectoral
75%
Petit Pectoral
62%
Grand rond
52%
Petit rond
52%
Supra-épineux
49%
Biceps brachial
48%
Infra-épineux
48%
Muscle Dentelé Antérieur
48%
Subscapulaire
45%
Brachial
44%
Muscle Subclavier
44%
Coracobrachial
42%
carré pronateur
20%
Rond pronateur
20%
Chef long du triceps brachial
19%
Chef latéral du triceps brachial
15%
Chef médial du triceps brachial
15%
fléchisseur ulnaire du carpe
14%
anconé
13%
brachioradial
13%
Fléchisseur radial du carpe
13%
fléchisseur superficiel des doigts
12%
Long palmaire
12%
fléchisseur profond des doigts
10%
fléchisseur du pouce
9%
Suppinateur
8%
adducteur du pouce
7%
long extenseur radial du carpe
7%
extenseur de l'index
6%
extenseur des doigts
6%
interosseux dorsaux
6%
court extenseur du pouce
5%
interosseux palmaires
5%
lombricaux
5%
long abducteur du pouce
5%
long extenseur du pouce
5%
abducteur du petit doigt
4%
court extenseur radial du carpe
4%
extenseur du petit doigt
4%
extenseur ulnaire du carpe
4%
opposant du petit doigt
4%
opposant du pouce
4%
court abducteur du pouce
2%
court fléchisseur du petit doigt
2%
court fléchisseur du pouce
2%

Distribution des résultats

Percentile par nombre de réponses

% des personnes avec chaque résultat

Votre développement - résultats

Vous n’avez pas pris ce quiz